[Event "Moscow op-A"]
[Site "Moscow"]
[Date "2009.02.02"]
[Round "3"]
[White "Sharafiev, Azat"]
[Black "Gaspariants, Garry"]
[Result "1/2-1/2"]
[WhiteElo "1898"]
[BlackElo "2268"]
[PlyCount "51"]
[EventDate "2009.01.31"]
[EventType "swiss"]
[EventRounds "9"]
[EventCountry "RUS"]
[SourceTitle "EXT 2022"]
[Source "ChessBase"]
[SourceDate "2021.10.06"]
[SourceVersion "1"]
[SourceVersionDate "2021.10.06"]
[SourceQuality "1"]

1. Nf3 Nf6 2. c4 e6 3. Nc3 Bb4 4. Qc2 0-0 5. a3 Bxc3 6. Qxc3 d6 7. b4 e5 8. Bb2 a5 9. e3 axb4 10. axb4 Rxa1+ 11. Bxa1 Bg4 12. Be2 Nbd7 13. h3 Bh5 14. d3 b5 15. c5 Qa8 16. 0-0 Qa2 17. cxd6 cxd6 18. Bd1 Qa8 19. Bb2 Rc8 20. Qb3 Nb6 21. g4 Bg6 22. e4 Qc6 23. Be2 Qc2 24. Bd1 Qc6 25. Qa2 Ra8 26. Qb3 1/2-1/2

[Event "Moscow op-A"]
[Site "Moscow"]
[Date "2009.02.01"]
[Round "2"]
[White "Gaspariants, Garry"]
[Black "Gurevich, Dmitry"]
[Result "0-1"]
[WhiteElo "2268"]
[BlackElo "2507"]
[PlyCount "47"]
[EventDate "2009.01.31"]
[EventType "swiss"]
[EventRounds "9"]
[EventCountry "RUS"]
[SourceTitle "EXT 2022"]
[Source "ChessBase"]
[SourceDate "2021.10.06"]
[SourceVersion "1"]
[SourceVersionDate "2021.10.06"]
[SourceQuality "1"]

1. Nf3 c5 2. b3 d5 3. e3 a6 4. d4 cxd4 5. exd4 Bg4 6. Be2 Nf6 7. 0-0 e6 8. c4 Nc6 9. Be3 Be7 10. Nbd2 0-0 11. Qc2 h6 12. Rfd1 Ba3 13. h3 Bh5 14. g4 Bg6 15. Qc3 b5 16. Bd3 Ne4 17. Bxe4 dxe4 18. Ne5 Bb4 19. Qb2 Nxe5 20. dxe5 Qh4 21. Kg2 h5 22. g5 Rad8 23. c5 Rd3 24. Rac1 0-1

[Event "RUS-ch Seniors"]
[Site "Zvenigorod"]
[Date "2005.12.01"]
[Round "4"]
[White "Sorokin, Valentin"]
[Black "Gaspariants, Garry"]
[Result "1-0"]
[WhiteElo "2356"]
[BlackElo "2262"]
[PlyCount "75"]
[EventDate "2005.11.28"]
[EventType "swiss"]
[EventRounds "7"]
[EventCountry "RUS"]
[SourceTitle "EXT 2007"]
[Source "ChessBase"]
[SourceDate "2006.11.23"]
[SourceVersion "1"]
[SourceVersionDate "2006.11.23"]
[SourceQuality "1"]

1. d4 Nf6 2. c4 e6 3. Nc3 Bb4 4. e3 c5 5. Bd3 Nc6 6. Nf3 Bxc3+ 7. bxc3 d6 8. 0-0 e5 9. Nd2 0-0 10. Ne4 Bf5 11. Ng3 Bd7 12. f4 exd4 13. cxd4 cxd4 14. exd4 Qb6 15. c5 dxc5 16. Rb1 Qd8 17. dxc5 Be6 18. Kh1 Ng4 19. h3 Qh4 20. Ne4 f5 21. Ng5 Rf6 22. Bb2 Qg3 23. hxg4 Rh6+ 24. Kg1 Qh2+ 25. Kf2 Qxf4+ 26. Nf3 fxg4 27. Bc1 Qf7 28. Bxh6 gxh6 29. Kg1 gxf3 30. Qxf3 Qxf3 31. Rxf3 Nd8 32. Re1 Bf7 33. Bc2 Nc6 34. Bxh7+ Kg7 35. Bb1 Rd8 36. Rg3+ Kh8 37. Rf1 Rd7 38. Rgf3 1-0

[Event "RUS-ch Seniors"]
[Site "Zvenigorod"]
[Date "2005.11.30"]
[Round "3"]
[White "Gaspariants, Garry"]
[Black "Zhelnin, Yury"]
[Result "1-0"]
[WhiteElo "2262"]
[BlackElo "2360"]
[PlyCount "93"]
[EventDate "2005.11.28"]
[EventType "swiss"]
[EventRounds "7"]
[EventCountry "RUS"]
[SourceTitle "EXT 2007"]
[Source "ChessBase"]
[SourceDate "2006.11.23"]
[SourceVersion "1"]
[SourceVersionDate "2006.11.23"]
[SourceQuality "1"]

1. c4 Nf6 2. Nc3 b6 3. d4 Bb7 4. Nf3 e6 5. g3 Bb4 6. Bd2 0-0 7. Bg2 c5 8. d5 d6 9. 0-0 exd5 10. Nxd5 Nxd5 11. cxd5 Bxd2 12. Qxd2 Nd7 13. Rfd1 Re8 14. e3 Nf6 15. Nh4 g6 16. b4 cxb4 17. Qxb4 Re5 18. e4 a5 19. Qd4 Nd7 20. f4 Re8 21. Nf3 f6 22. Bh3 Nc5 23. e5 fxe5 24. fxe5 dxe5 25. Nxe5 Qf6 26. Re1 Rad8 27. Bg2 Nd7 28. Nc6 Qxd4+ 29. Nxd4 Rxe1+ 30. Rxe1 Nf6 31. Nc6 Rd6 32. Re7 Rd7 33. Rxd7 Nxd7 34. Kf2 Nf6 35. Ke3 Bxc6 36. dxc6 Ne8 37. Kd4 Kf7 38. Ke5 Ke7 39. a4 Nc7 40. Bf1 Ne8 41. h4 Nd6 42. g4 Nf7+ 43. Kd5 g5 44. hxg5 Nxg5 45. Bd3 Kd8 46. Kd6 Nf7+ 47. Ke6 1-0

[Event "Politiken Cup 26th"]
[Site "Copenhagen"]
[Date "2004.07.30"]
[Round "8"]
[White "Hansen, Herluf"]
[Black "Gaspariants, Garry"]
[Result "1/2-1/2"]
[WhiteElo "2028"]
[BlackElo "2293"]
[PlyCount "103"]
[EventDate "2004.07.24"]
[EventType "swiss"]
[EventRounds "10"]
[EventCountry "DEN"]
[SourceTitle "CBM 101 Extra"]
[Source "ChessBase"]
[SourceDate "2004.09.01"]
[SourceVersion "2"]
[SourceVersionDate "2004.09.01"]
[SourceQuality "1"]

1. Nf3 Nf6 2. c4 e6 3. d4 b6 4. a3 d5 5. Nc3 Be7 6. cxd5 exd5 7. g3 0-0 8. Bg2 c5 9. 0-0 Nc6 10. h3 Be6 11. Be3 Ne4 12. Rc1 Nxc3 13. Rxc3 c4 14. Ne5 Nxe5 15. dxe5 Qd7 16. Kh2 Rad8 17. Bd4 f5 18. exf6 Bxf6 19. f4 b5 20. Qd2 Kh8 21. g4 Qc7 22. Kh1 Bxd4 23. Qxd4 Qb6 24. Rd1 Qxd4 25. Rxd4 g6 26. Re3 Rd6 27. Kg1 Kg7 28. Re5 Rfd8 29. Kf2 Kf6 30. Ke1 h6 31. e4 dxe4 32. Rxd6 Rxd6 33. Rxb5 Rd3 34. g5+ hxg5 35. fxg5+ Ke7 36. Bf1 Rg3 37. Re5 Kd6 38. Rxe4 c3 39. bxc3 Rxc3 40. Ra4 Bxh3 41. Bxh3 Rxh3 42. Rxa7 Ke5 43. Kd2 Kf4 44. Ra5 Rg3 45. a4 Ke4 46. Kc2 Kd4 47. Rb5 Kc4 48. Kd2 Ra3 49. Rb6 Rxa4 50. Ke3 Kd5 51. Rxg6 Ke5 52. Rg8 1/2-1/2

[Event "Biel MTO op"]
[Site "Biel"]
[Date "2003.07.25"]
[Round "5"]
[White "Tkachiev, Vladislav"]
[Black "Gaspariants, Garry"]
[Result "1-0"]
[WhiteElo "2654"]
[BlackElo "2293"]
[PlyCount "87"]
[EventDate "2003.07.19"]
[EventType "swiss"]
[EventRounds "11"]
[EventCountry "SUI"]
[SourceTitle "CBM 095 Extra"]
[Source "ChessBase"]
[SourceDate "2003.09.04"]
[SourceVersion "1"]
[SourceVersionDate "2003.09.04"]
[SourceQuality "1"]

1. d4 Nf6 2. c4 e6 3. Nf3 b6 4. g3 Ba6 5. Qb3 d5 6. cxd5 Qxd5 7. Qd1 Bb4+ 8. Bd2 Bxd2+ 9. Qxd2 Ne4 10. Qe3 Qa5+ 11. Nc3 Nxc3 12. bxc3 Nd7 13. Bg2 0-0 14. 0-0 Rae8 15. Rfe1 e5 16. Qg5 h6 17. Qf5 Bc8 18. Qc2 Re7 19. a4 e4 20. Nd2 f5 21. e3 Qd5 22. a5 Kh8 23. axb6 axb6 24. Bf1 g5 25. Ra7 c5 26. Nc4 Ref7 27. Qb2 Rf6 28. Nd2 Qd6 29. Rea1 R6f7 30. Bg2 Re7 31. Ra8 Qg6 32. Qb5 f4 33. Bxe4 Rxe4 34. Nxe4 Qxe4 35. Rxc8 Rxc8 36. Qxd7 Rg8 37. Qd6 Kh7 38. exf4 gxf4 39. dxc5 bxc5 40. Qxc5 Rg7 41. Rd1 Rf7 42. Qd5 Qe7 43. c4 Qe2 44. Qd3+ 1-0

[Event "Biel MTO op"]
[Site "Biel"]
[Date "2003.07.24"]
[Round "4"]
[White "Gaspariants, Garry"]
[Black "Shchekachev, Andrei"]
[Result "1/2-1/2"]
[WhiteElo "2293"]
[BlackElo "2550"]
[PlyCount "31"]
[EventDate "2003.07.19"]
[EventType "swiss"]
[EventRounds "11"]
[EventCountry "SUI"]
[SourceTitle "CBM 095 Extra"]
[Source "ChessBase"]
[SourceDate "2003.09.04"]
[SourceVersion "1"]
[SourceVersionDate "2003.09.04"]
[SourceQuality "1"]

1. e4 c5 2. Nf3 d6 3. Bb5+ Nd7 4. c3 Ngf6 5. Qe2 a6 6. Ba4 e5 7. 0-0 Be7 8. d4 b5 9. Bc2 0-0 10. Rd1 Qb6 11. Nbd2 cxd4 12. cxd4 exd4 13. Nb3 Bb7 14. Nfxd4 Rfe8 15. Nf5 Bf8 16. Be3 1/2-1/2

[Event "Wch Seniors 12th"]
[Site "Naumburg"]
[Date "2002.11.02"]
[Round "11"]
[White "Gaspariants, Garry"]
[Black "Hamm, Georg"]
[Result "1-0"]
[WhiteElo "2240"]
[BlackElo "2078"]
[PlyCount "60"]
[EventDate "2002.10.21"]
[EventType "swiss"]
[EventRounds "11"]
[EventCountry "GER"]
[SourceTitle "EXT 2006"]
[Source "ChessBase"]
[SourceDate "2005.11.24"]
[SourceVersion "1"]
[SourceVersionDate "2005.11.24"]
[SourceQuality "1"]

1. e4 c6 2. d4 g6 3. Nf3 Bg7 4. Nc3 d6 5. Be2 Nd7 6. 0-0 Ngf6 7. e5 Nd5 8. Nxd5 cxd5 9. exd6 exd6 10. c3 0-0 11. Bg5 Nf6 12. Qb3 Qe7 13. Rfe1 Be6 14. Nd2 Qc7 15. Bf3 Qa5 16. Bxf6 Bxf6 17. Nf1 Bg5 18. Ne3 Bxe3 19. Rxe3 Rfc8 20. Rae1 Rab8 21. h4 Kg7 22. a3 a6 23. h5 Rf8 24. g3 Rbc8 25. Qxb7 Rb8 26. Qe7 Rfe8 27. Qh4 Rxb2 28. h6+ Kf8 29. Qf6 Qd8 30. Qh8+ Ke7 1-0

[Event "RUS-Cup"]
[Site "Tula "]
[Date "1999.??.??"]
[Round "6"]
[White "Feoktistov, Alexey A"]
[Black "Gaspariants, Garry"]
[Result "1/2-1/2"]
[WhiteElo "2390"]
[BlackElo "2230"]
[PlyCount "90"]
[EventDate "1999.??.??"]
[EventType "swiss"]
[EventRounds "9"]
[EventCountry "RUS"]
[SourceTitle "EXT 2000"]
[Source "ChessBase"]
[SourceDate "1999.11.16"]
[SourceVersion "1"]
[SourceVersionDate "1999.11.16"]
[SourceQuality "1"]

1. d4 d5 2. c4 e6 3. Nc3 Be7 4. Nf3 Nf6 5. Bg5 h6 6. Bh4 0-0 7. e3 b6 8. Rc1 c5 9. dxc5 bxc5 10. cxd5 exd5 11. Bxf6 Bxf6 12. Nxd5 Bxb2 13. Rxc5 Na6 14. Bxa6 Bxa6 15. Nc7 Qc8 16. Qa4 Bd3 17. Qb3 Rd8 18. Nxa8 Qxc5 19. Qxb2 Qc6 20. h4 Qxa8 21. Rh3 Rb8 22. Qd4 Rb1+ 23. Kd2 Bg6 24. h5 Rb5 25. Ke1 Bxh5 26. Rg3 Bg6 27. Ne5 Rb1+ 28. Ke2 Bh5+ 29. f3 g5 30. Rh3 Qc8 31. Kf2 Qc2+ 32. Kg3 Rb2 33. Rh2 Qf2+ 34. Kh3 Rd2 35. Qe4 Rxa2 36. Nd7 Ra6 37. Ne5 Re6 38. g4 Qf1+ 39. Kg3 Qg1+ 40. Kh3 Qf1+ 41. Kg3 Qe1+ 42. Kh3 Bg6 43. Qd4 Qf1+ 44. Kg3 Qe1+ 45. Kh3 Qf1+ 1/2-1/2